000 00546nam a2200205Ia 4500
005 20231106113910.0
008 131103s9999 xx 000 0 und d
040 _aLoreto College
041 _aEnglish
082 _a796.522
_bBUS
100 _aBusk,Douglas
245 4 _aThe Delectable Mountains
_cDouglas Busk
_bSketches by Bridget Busk
260 _aLondon
_bHodder & Stougton
_c1946
300 _axi,274 p.
_b plate
504 _aIncludes index
650 _aMountaineering
651 _aOutdoor Games
850 _aLCLIB
942 _cBK
999 _c17685
_d68164